| Tag |
First Indicator |
Second Indicator |
Subfields |
| LEADER |
00000nam a2200000 4500 |
| 001 |
in00004222639 |
| 005 |
20200806095841.0 |
| 006 |
m g d |
| 007 |
cr bn |||a|bb| |
| 008 |
910404s1506 enk o 00| | lat d |
| 035 |
|
|
|a (UnM)99841509
|
| 037 |
|
|
|a CL0036000020
|b ProQuest. 789 E. Eisenhower Parkway, Ann Arbor, MI 48108-3218
|
| 040 |
|
|
|a Cu-RivES
|c Cu-RivES
|d CStRLIN
|e dcrb
|d WaOLN
|
| 100 |
1 |
|
|a Seyssel, Claude de,
|d 1450?-1520.
|
| 240 |
1 |
0 |
|a Claudii de Seisello iurisconsulti christianissimi Ludovici duodecimi francorum regis consiliarii et oratoris ad serenissimu[m] et potentissimu[m] Anglie rege[m] Henricu[m] septissimu[m]: oratio in publico conventu habita.
|
| 245 |
0 |
0 |
|a Claudii de Seisello iurisconsulti christianissimi Ludouici duodecimi francorum regis consiliarii et oratoris ad serenissimu[m] et potentissimu[m] Anglie rege[m] Henricu[m] septissimu[m]: oratio in publico conuentu habita
|
| 246 |
2 |
|
|a Claudii de Seisello jurisconsulti christianissimi Ludovici duodecimi francorum regis consiliarii et oratoris ad serenissimu[m] et potentissimu[m] Anglie rege[m] Henricu[m] septissimu[m]: oratio in publico conventu habita.
|
| 246 |
2 |
|
|a Oratio in publico conuentu habita.
|
| 246 |
2 |
|
|a Oratio in publico conventu habita.
|
| 260 |
|
|
|a [London? :
|b Wynkyn de Worde,
|c 1506?]
|
| 300 |
|
|
|a 1 online resource ([12] pages)
|
| 336 |
|
|
|a text
|b txt
|2 rdacontent
|
| 337 |
|
|
|a computer
|b c
|2 rdamedia
|
| 338 |
|
|
|a online resource
|b cr
|2 rdacarrier
|
| 500 |
|
|
|a Imprint from STC.
|
| 500 |
|
|
|a "This pamphlet states to King Henry VII the reasons which induced Louis XII to consent to the betrothal of his daughter Claude to the Duke of Valois, afterwards Francis I, King of France."--Folger Shakespeare Library Catalog.
|
| 500 |
|
|
|a Identified as STC 22270a on UMI microfilm.
|
| 500 |
|
|
|a Signatures: a⁶.
|
| 500 |
|
|
|a Reproduction of the original in the Folger Shakespeare Library.
|
| 510 |
4 |
|
|a STC (2nd edition)
|c 22270.5.
|
| 533 |
|
|
|a Electronic reproduction.
|b Ann Arbor, Mich. :
|c UMI,
|d 1999-
|f (Early English books online)
|n Digital version of: (Early English books, 1475-1640 ; 717:18)
|7 s1999 miun s
|
| 600 |
0 |
0 |
|a Henry
|b VII,
|c Holy Roman Emperor,
|d 1269?-1313
|v Early works to 1800.
|
| 830 |
|
0 |
|a Early English books online.
|
| 856 |
4 |
0 |
|u http://proxy.library.tamu.edu/login?url=https://search.proquest.com/docview/2240854669
|z Connect to the full text of this electronic book
|t 0
|
| 999 |
f |
f |
|s 2a300e32-56f8-3688-8666-7a390b14b8c6
|i a844e4c5-fccf-365c-810b-7b26c647d57c
|t 0
|
| 952 |
f |
f |
|a Texas A&M University
|b College Station
|c Electronic Resources
|d Available Online
|t 0
|h No information provided
|
| 998 |
f |
f |
|t 0
|l Available Online
|